000 01670nam a2200349 a 4500
003 CO-PeBPR
005 20260426081328.0
008 260415e2024 ck a|||| n||| 00| 0 spa c
020 _a9789588962924
040 0 _aCO-PeBPR
_bspa
_cCO-PeBPR
_erda
041 0 _hspa
082 0 4 _a(i) 894.353 O99e
100 1 _aOzge Bahar, Sunar
_eautor
245 1 0 _aEl erizo y la exhibición
_c/ Sunar Ozge Sunar ; traducción de Daniel Ricardo Villareal Quintero ; ilustraciones de Ceyhun Sen
250 _aEdición especial
264 1 _aBogotá, Colombia
_b: Tiempo de Leer Editorial
_c, 2024
300 _a[38] páginas sin enumerar
_b: ilustraciones a color
_c22 centímetros
336 _atexto
_btxt
_crdacontenido
337 _asin mediación
_bn
_2rdamedio
338 _avolumen
_bnc
_2rdasoporte
490 _aPlan Nacional de Lectura, Escritura y Oralidad / Ministerio de Cultura, Las Artes y los Saberes)
_aColección tiempo de soñar
520 _aUna gran exposición de clase se abrirá en la escuela del bosque. En ella, la letra "A", escrita por cada alumno, se colgará en las ramas de los árboles. Pero Erizo no puede escribir, está herido por un leve accidente. ¿Podrá Erizo llevar su tarea de la letra "A"? ¿Cómo lo hará?.
521 _aRecomendado para 7 a 12 años.
650 1 4 _2LEMB
_aCuentos infantiles turcos
650 1 4 _2LEMB
_aLiteratura infantil turca
_ySiglo XXI
650 1 4 _2LEMB
_aCreatividad en niños en la literatura
650 1 4 _2LEMB
_aLiteratura infantil
650 1 4 _2LEMB
_aLibros ilustrados para niños
700 1 _aVillarreal Quintero, Daniel Ricardo
_etraductor
700 1 _aSen, Ceyhun
_eilustrador
942 _2ddc
_cBKINF
999 _c17789
_d17789